[Event "RUS-chT2"]
[Site "Novokuznetsk"]
[Date "2003.??.??"]
[Round "3"]
[White "Lykov, Vasili"]
[Black "Mezentsev, Igor"]
[Result "1/2-1/2"]
[WhiteElo "2317"]
[BlackElo "2292"]
[PlyCount "114"]
[EventDate "2003.??.??"]
[EventType "team"]
[EventRounds "9"]
[EventCountry "RUS"]
[SourceTitle "EXT 2005"]
[Source "ChessBase"]
[SourceDate "2004.11.15"]
[SourceVersion "1"]
[SourceVersionDate "2004.11.15"]
[SourceQuality "1"]

1. e4 e5 2. Nf3 Nc6 3. Bb5 Nf6 4. 0-0 Bc5 5. c3 0-0 6. d4 Bb6 7. Bg5 h6 8. Bxf6 Qxf6 9. Bxc6 Qxc6 10. Qd3 exd4 11. cxd4 d5 12. exd5 Qxd5 13. Nc3 Qh5 14. Rfe1 Bf5 15. Qc4 c6 16. d5 Rac8 17. d6 Rcd8 18. Qf4 Qg4 19. Qxg4 Bxg4 20. Ne5 Bh5 21. Nc4 Bd4 22. Ne2 Bxe2 23. Rxe2 b5 24. Rd2 c5 25. Ne3 Rxd6 26. Nf5 Rd7 27. Rad1 Rfd8 28. Kf1 a5 29. Nxd4 cxd4 30. Ke2 f5 31. Kd3 Kf7 32. Rc1 Rd5 33. Rc7+ R8d7 34. Rdc2 Ke6 35. R2c6+ Ke5 36. g3 R7d6 37. f4+ Kf6 38. Rxd6+ Rxd6 39. Rc5 Rb6 40. Kxd4 a4 41. Kd5 a3 42. b4 Rb8 43. Rc6+ Ke7 44. Ra6 Rc8 45. Rxa3 Rc4 46. Re3+ Kf7 47. a3 g5 48. Re5 Kg6 49. Re6+ Kh5 50. fxg5 hxg5 51. Rb6 Rc3 52. Rxb5 Rxa3 53. Ke6 Kg4 54. Rc5 f4 55. gxf4 gxf4 56. Rc4 Rh3 57. b5 Rb3 1/2-1/2

[Event "RUS-chT (club)"]
[Site "Novokuznetsk"]
[Date "1999.??.??"]
[Round "?"]
[White "Kravtsov, Sergey"]
[Black "Mezentsev, Igor"]
[Result "1/2-1/2"]
[WhiteElo "2438"]
[BlackElo "2300"]
[PlyCount "49"]
[EventDate "1999.??.??"]
[EventType "team"]
[EventRounds "11"]
[EventCountry "RUS"]
[SourceTitle "EXT 2001"]
[Source "ChessBase"]
[SourceDate "2000.11.22"]
[SourceVersion "1"]
[SourceVersionDate "2000.11.22"]
[SourceQuality "1"]

1. d4 d5 2. c4 e6 3. Nc3 f5 4. g3 Nf6 5. Bg2 c6 6. Nh3 Bd6 7. 0-0 0-0 8. Qb3 Nbd7 9. Bf4 dxc4 10. Qxc4 Nb6 11. Qb3 Nbd5 12. Be5 Bxe5 13. dxe5 Ng4 14. Nxd5 cxd5 15. f4 a5 16. Bf3 a4 17. Qb4 Ne3 18. Rfc1 Ra6 19. Nf2 g5 20. fxg5 Nc4 21. h4 Nxe5 22. Qf4 Ng6 23. Qd2 Ne5 24. Qf4 Ng6 25. Qd2 1/2-1/2

[Event "RUS-chT (club)"]
[Site "Novokuznetsk"]
[Date "1999.??.??"]
[Round "?"]
[White "Lobanov, Evgeny Vasilievich"]
[Black "Mezentsev, Igor"]
[Result "0-1"]
[WhiteElo "2152"]
[BlackElo "2300"]
[PlyCount "82"]
[EventDate "1999.??.??"]
[EventType "team"]
[EventRounds "11"]
[EventCountry "RUS"]
[SourceTitle "EXT 2001"]
[Source "ChessBase"]
[SourceDate "2000.11.22"]
[SourceVersion "1"]
[SourceVersionDate "2000.11.22"]
[SourceQuality "1"]

1. e4 e5 2. Nf3 Nc6 3. Bc4 Bc5 4. c3 Nf6 5. d4 exd4 6. cxd4 Bb4+ 7. Bd2 Bxd2+ 8. Nbxd2 d5 9. exd5 Nxd5 10. Qb3 Nce7 11. 0-0 0-0 12. Rfe1 c6 13. a4 Qb6 14. Qa3 Qc7 15. Ne4 Bf5 16. Rac1 Rad8 17. Nc5 Ng6 18. Qb3 Bc8 19. Ne5 Ngf4 20. Qg3 Qb6 21. b3 Ne6 22. Qh4 Nf6 23. Nf3 Nxc5 24. dxc5 Qc7 25. Ne5 Rde8 26. f4 Qa5 27. Bd3 Qb4 28. Kh1 Qd4 29. Bb1 h6 30. h3 Be6 31. Bc2 Bd5 32. Re2 Kh8 33. Kh2 Qxc5 34. Rce1 Qd4 35. Nxf7+ Bxf7 36. Rxe8 Bxe8 37. Re7 Qd6 38. Qe1 Bf7 39. Re5 Bd5 40. g4 a5 41. g5 Nd7 0-1

[Event "Novokuznetsk Rating op"]
[Site "Novokuznetsk"]
[Date "1997.??.??"]
[Round "8"]
[White "Arkhipov, Nikolai G"]
[Black "Mezentsev, Igor"]
[Result "1-0"]
[WhiteElo "2200"]
[BlackElo "2330"]
[PlyCount "96"]
[EventDate "1997.??.??"]
[EventType "swiss"]
[EventRounds "9"]
[EventCountry "RUS"]
[SourceTitle "EXT 2001"]
[Source "ChessBase"]
[SourceDate "2000.11.22"]
[SourceVersion "1"]
[SourceVersionDate "2000.11.22"]
[SourceQuality "1"]

1. d4 d5 2. c4 e6 3. Nc3 f5 4. g3 Nf6 5. Bg2 c6 6. Nf3 Bd6 7. 0-0 0-0 8. Bg5 Nbd7 9. Qc1 Qe8 10. Bf4 Be7 11. Ng5 Nb8 12. h3 Qg6 13. Qe3 Nh5 14. Nf3 Nxf4 15. gxf4 Bd6 16. Ne5 Bxe5 17. Qxe5 Nd7 18. Qd6 Qf6 19. e3 Nb6 20. cxd5 exd5 21. Qxf6 Rxf6 22. b3 Be6 23. a4 Nc8 24. Rfc1 Nd6 25. Nd1 Re8 26. Nb2 Bc8 27. Nd3 h6 28. h4 g5 29. hxg5 hxg5 30. fxg5 Rg6 31. Re1 Rxg5 32. f3 Re7 33. Kf2 Reg7 34. Nf4 Ne8 35. Rh1 Nc7 36. Rh2 Kf7 37. Nd3 Ne8 38. Rah1 Ke7 39. Bf1 Be6 40. Nf4 Bg8 41. Bd3 Nd6 42. Rh6 Nf7 43. R6h2 Nd6 44. b4 a6 45. b5 axb5 46. axb5 cxb5 47. Rb1 Kd8 48. Rh6 Kc7 1-0